000 004160000a22001690004500
003 MACL
005 20160105170024.0
008 160105b xxu||||| |||| 00| 0 eng d
040 _aMACL
_cMACL
041 _aEnglish
082 _a824/ABH
100 _aSwami Abhedananda
_923493
245 _aEpistles
260 _bRamakrishna Vedanta Math
_c1970
_aCalcutta
650 _aLetters
_928299
942 _cBK
_k824/ABH
_2ddc
999 _c34437
_d34437